000 00709nam a2200217 a 4500
001 762
005 20221127090020.0
008 050920s lxxka | 00100 eng d
020 _a0077096266(pbk) :
_cSR157.00
035 _a775
082 0 4 _a004.21
_bAv56 2003
100 1 _aAvison, David.
245 1 0 _aInformation systems development :
_bmethodologies, techniques & tools /
_cDavid Avison, Guy Fitzgerald.
260 _aLondon ;
_aBoston :
_bMcGraw-Hill,
_c2003.
250 _a3rd ed.
300 _axv, 592 p. :
_bill. ;
_c25 cm.
504 _aIncludes bibl. references and index
650 4 _aInformation storage and retrieval systems.
650 4 _aSystem analysis.
700 1 _aFitzgerald, Guy,
_ejt. auth.
999 _c762
_d762